00972cam a2200229 a 450000100100000000500170001000800410002702000150006804000250008304100390010808200130014710000220016024000640018224501550024626000380040130000210043949000420046053400880050250400740059070000360066483000420070000002339620200930022205.0750201s1987 mx 001 0 spa d a9684093721 aDO-SdBNPbspacBNPHU17aspaheng2Código de idiomas MARC ann*bnn*1 aWeintrub, Sidney.10aFree trade between Mexico and the United States?lEspañol11a¿Libre comercio entre México y E.U.A.? :blas relaciones futuras entre los dos países /cSidney Weintrub ; traducción Aurora Merino del Villar. aMéxico, D. F. :bEdamex,c1987. a228 p. ;c21 cm.1 aLos libros hacen libres a los hombres aTítulo de la obra en inglés :tFree trade between Mexico and the United States? aIncluye notas y referencias bibliográficas al pie de las páginas.1 aMerino del Villar, Aurora,etr. 0aLos libros hacen libres a los hombres